000 00538nam a2200193Ia 4500
005 20260415160335.0
008 008 250505s9999 xx 000 0 hin d
037 _aTextual
040 _aFEDL
_beng
_cFEDL
041 _ahin
_2eng
084 _a338.1854 OMP
_qFEDL
100 _aOm Prakash
245 0 _aHumari khurak aur aabadi ki samasyain
260 _aDelhi, India
_bRajkamal Parkashan
_c1947
300 _a133p.
650 _aEconomics
942 _cTEXL
_h338.1854 OMP
999 _c1321852
_d1321852